ACROSS: A COMPLETE REVIEW OF SHORT SUBJECT (Record no. 6685)

MARC details
000 -LEADER
fixed length control field 00356nam a2200145Ia 4500
008 - FIXED-LENGTH DATA ELEMENTS--GENERAL INFORMATION
fixed length control field 150301s2014 xx 000 0 und d
082 ## - DEWEY DECIMAL CLASSIFICATION NUMBER
Classification number 610
Item number A14S
100 ## - MAIN ENTRY--PERSONAL NAME
Personal name SHUKLA, SAUMYA
245 ## - TITLE STATEMENT
Title ACROSS: A COMPLETE REVIEW OF SHORT SUBJECT
250 ## - EDITION STATEMENT
Edition statement 8TH
260 ## - PUBLICATION, DISTRIBUTION, ETC. (IMPRINT)
Name of publisher, distributor, etc. JAYPEE
Place of publication, distribution, etc. DELHI
Date of publication, distribution, etc. 2014
300 ## - PHYSICAL DESCRIPTION
Extent 1490
650 ## - SUBJECT ADDED ENTRY--TOPICAL TERM
Topical term or geographic name as entry element GENERAL MEDICINE
942 ## - ADDED ENTRY ELEMENTS (KOHA)
Source of classification or shelving scheme Dewey Decimal Classification
Koha item type Books
Holdings
Withdrawn status Lost status Source of classification or shelving scheme Damaged status Not for loan Collection code Home library Current library Shelving location Date acquired Source of acquisition Cost, normal purchase price Serial Enumeration / chronology SGTU Bill Number Total Checkouts Full call number Barcode Date last seen Date last checked out Bill Date Koha item type
    Dewey Decimal Classification     MEDICAL SGT Medical Library SGT Medical Library Reference Book 02/07/2015 ABC DELHI 1415.00 I SGTU 4960 1 610 A14S FM7016 22/08/2018 13/08/2018 25/10/2014 Books
    Dewey Decimal Classification   Ordered MEDICAL SGT Medical Library SGT Medical Library Reference Book 02/07/2015 ABC DELHI 1415.00 I SGTU 4960   610 A14S FM7017 02/07/2015   25/10/2014 Books
    Dewey Decimal Classification   Not For Loan MEDICAL SGT Medical Library SGT Medical Library Reference Book 02/07/2015 ABC DELHI 1415.00 I SGTU 4960   610 A14S FM7018 02/07/2015   25/10/2014 Books
    Dewey Decimal Classification   Not For Loan MEDICAL SGT Medical Library SGT Medical Library Reference Book 02/07/2015 ABC DELHI 1295.00 II SGTU 4960   610 A14S FM7019 02/07/2015   25/10/2014 Books
    Dewey Decimal Classification   Not For Loan MEDICAL SGT Medical Library SGT Medical Library Reference Book 02/07/2015 ABC DELHI 1295.00 II SGTU 4960   610 A14S FM7020 02/07/2015   25/10/2014 Books
    Dewey Decimal Classification   Not For Loan MEDICAL SGT Medical Library SGT Medical Library Reference Book 02/07/2015 ABC DELHI 1295.00 II SGTU 4960   610 A14S FM7021 02/07/2015   25/10/2014 Books
    Dewey Decimal Classification   Not For Loan MEDICAL SGT Medical Library SGT Medical Library Reference Book 02/07/2015 ABC DELHI 1295.00 II SGTU 4960   610 A14S FM7022 02/07/2015   25/10/2014 Books
    Dewey Decimal Classification   Not For Loan MEDICAL SGT Medical Library SGT Medical Library Reference Book 02/07/2015 ABC DELHI 1295.00 II SGTU 4960   610 A14S FM7023 02/07/2015   25/10/2014 Books